000
00296nam a22001457a 4500
008
210511b ||||| |||| 00| 0 eng d
020
_a
9780985696191
041
_a
eng
080
_a
72
082
_a
72
100
_a
42
101
_a
NDE
245
_a
Brick House
_c
Hill,D
942
_2
udc
_c
BK
999
_c
57256
_d
57256